000 01036nam0a22002771 4500
001 rc\4428314
005 20260407051318.0
021 _aRU
_b[67-40326]
035 _a(NLR Aleph) 008573988
090 _a8543112
_c8543112
100 _a20130416d1966 |||y0rusy50 ca
101 0 _arus
102 _aRU
105 _aa z |||||
200 1 _aЗубчатые передачи с зацеплением М.Л. Новикова
_eСборник статей
_fМВ ССО УССР. Харьк. инженер.-экон. ин-т
210 _aХарьков
_cПрапор
_d1966
215 _a48 с.
_cил.
_d21
320 _aБиблиогр. в конце статей
606 _aЗубчатые передачи
_jСборники
_2psbo
702 1 _aНовиков
_bМ.Л.
_4570
712 0 2 _aХарьковский инженерно-экономический институт
_3RU\NLR\AUTH\8810020522
_9539025
801 0 _aRU
_bNLR
_gpsbo
801 1 _aRU
_bELAR
_2rusmarc
852 _aNLR
_j67-6/6540
942 _cBOOK
980 _aNB